Statistics for Famous Quotes- Who and Where?

Click here to take the quiz!

General Stats

  • This quiz has been taken 338 times
  • The average score is 13 of 24

Answer Stats

QuoteWho% Correct
Ours is not a drive for power, but purely a non-violent fight for India’s independence.Mahatma Gandhi
90%
Ich bin ein Berliner!John F. Kennedy
80%
Four score and seven years ago…Abraham Lincoln
79%
West Berlin
78%
West Berlin
78%
The only thing we have to fear is...fear itself.Franklin D. Roosevelt
71%
Mr. Gorbachev, tear down this wall.Ronald Reagan
71%
I have nothing to offer but blood, toil, tears and sweat.Winston Churchill
71%
Washington, D.C.
70%
Washington, D.C.
70%
London
64%
London
64%
Gettysburg, Pennsylvania
63%
Free at last. Free at last. Thank God Almighty we are free at last.Martin Luther King, Jr.
60%
Rock and roll music, if you like it, if you feel it, you can't help but move to it. That's what happens to me. I can't help it.Elvis Presley
59%
In politics, if you want anything said ask a man, if you want anything done ask a woman.Margaret Thatcher
53%
Bombay
45%
New York City
41%
New York City
41%
Today I consider myself the luckiest man in the world.Lou Gehrig
22%
To all who come to this happy place: Welcome.Walt Disney
22%
Moscow
19%
We will bury you.Nikita Khrushchev
15%
Anaheim, California
14%

Score Distribution

Percentile by Number Answered

Percent of People with Each Score

Your Score History

You have not taken this quiz